000 00502cam a22001577a 4500
008 180718b1995 xxu||||| |||| 00| 0 eng d
020 _a1557861404
082 _aB3x42 C152
100 _aCampbell, Colin
245 _aThe end of Whitehall: death of a paradigm?
_cby Colin Campbell and Graham K. Wilson
260 _aOxford
_bBlackwell
_c1995
300 _a342p.
650 _aGreat Britain - Politics and government
650 _aAdministrative agencies - Great Britain
700 _aWilson, Graham K.
999 _c390305
_d390305